| 000 | 01172nab a22002297a 4500 | ||
|---|---|---|---|
| 999 |
_c6233 _d6233 |
||
| 003 | OSt | ||
| 005 | 20260126040356.0 | ||
| 008 | 190514b xxu||||| |||| 00| 0 spa d | ||
| 040 | _cPJ | ||
| 100 |
_95248 _aLezcano, Juan Manuel |
||
| 245 | 1 | 3 |
_aEl Estado frente a la incertidumbre identitaria de una niña migrante / _cJuan Manuel Lezcano. |
| 300 | _ap. 143-149 | ||
| 500 | _aCita: TR LALEY AR/DOC/2674/2024. | ||
| 505 | _aSumario: I. Introducción.— II. Trámite judicial y principios a considerar.— III. Pruebas presentadas e inscripción y filiación.— IV. Articulación interinstitucional.— V. Conclusiones del fallo.— VI. Comentarios finales. | ||
| 505 | _tFallo comentado: JFamilia 1a Nom., Córdoba ~ 22/12/2023 ~ A., G. s/ medida autosatisfactiva - ley 10.305. | ||
| 650 | 0 |
_9967 _aDERECHO DE FAMILIA |
|
| 650 | 0 |
_92741 _aDERECHOS DE LAS NIÑAS, NIÑOS Y ADOLESCENTES |
|
| 650 | 0 |
_92345 _aDERECHO A LA IDENTIDAD |
|
| 650 | 0 |
_91057 _aJURISPRUDENCIA APLICABLE |
|
| 773 | 0 |
_02844 _93222 _dBuenos Aires : AbeledoPerrot, 1989- _tDerecho de familia. Revista Interdisciplinaria de doctrina y jurisprudencia. Diciembre 2024-VI. _z18511201 |
|
| 942 |
_2udc _cANA |
||